000 00798nam a2200241Ia 4500
003 IN-BaIIA
008 211028s9999 xx s 000 0 eng d
020 _a978-94-007-2378-8 (Print)
020 _a978-94-007-2379-5 (Online)
022 _a0067-0057 (Print)
022 _a2214-7985 (Online)
040 _cIIA Library
100 _aBaryshev, Yurij
_926994
245 0 _aFundamental Questions of Practical Cosmology
_h[eBook]
260 _aDordrecht
_bSpringer Netherlands
_c2012
300 _aOnline resource
490 _aAstrophysics and Space Science Library
650 _a Astronomy, Astrophysics and Cosmology
_936176
650 _aPhysics
_973
700 _aTeerikorpi, Pekka
_926998
856 _uhttp://doi.org/10.1007/978-94-007-2379-5
_yClick Here to Access eBook
942 _cEB
999 _c20944
_d20944